000 01180cam a2200313 i 4500
001 53514
003 Mx-PuUPA
005 20220325153343.0
008 140415s2010 enka r 000 0 eng d
020 _a9781849510820
040 _aMX-PuUPA
_bspa
_erda
_cMx-PuUPA
_dMx-PuUPA
041 0 _aeng
100 1 _aSirohi, Savitra,
_eautor
_96839
245 1 0 _aKoha 3 library management system :
_binstall, configure, and maintain your koha installation with this easy-to-follow guide /
_cSavitra Sirohi, Amit Gupta
250 _aFirst published
264 1 _aBirmingham, UK :
_bPackt Publishing,
_c2010
300 _aix, 269 páginas :
_bilustraciones ;
_c24 cm.
336 _atexto
_2rdacontent
_btxt
337 _asin medio
_2rdamedia
_bn
338 _avolumen
_2rdacarrier
_bnc
490 0 _aComnunity Experience Distilled
650 7 _aSistemas de almacenamiento y recuperación de información
_2armarc
650 7 _aBibliotecas
_xAutomaticación
_2armarc
650 7 _aKoha (Sistema de biblioteca integrado)
_2armarc
942 _2ddc
_cLI
_h025.00285
_iS615
999 _c53514
_d53514